Liberty in the balance : current issues in civil liberties /

Uloženo v:
Podrobná bibliografie
Hlavní autor: Way, Frank H. (autor)
Médium: Kniha
Jazyk:angličtina
Vydáno: lugar de publicación no identificado : McGraw-Hill, 1964
Témata:
Tagy: Přidat tag
Žádné tagy, Buďte první, kdo vytvoří štítek k tomuto záznamu!

MARC

LEADER 00000nam^a2200000^a^4500
001 000007617
005 20250521000000.0
009 20260526112927.457
037 |a Acervo ITESO - Biblioteca 
041 |a ING 
082 |a 323. 44  |b WAY 
100 |a Way, Frank H.  |e (autor) 
245 1 0 |a Liberty in the balance :  |b current issues in civil liberties /  |c F. H. Way. 
264 1 |a lugar de publicación no identificado :  |b McGraw-Hill,  |c 1964 
300 |a 131 p. 
336 |a texto  |b txt  |2 rdacontenido 
337 |a sin mediación  |b n  |2 rdamedio 
338 |a volumen  |b nc  |2 rdasoporte 
649 |a XX 
650 |a Política 
650 |a Derecho 
650 |a Derechos Civiles 
650 |a Derechos Humanos 
650 |a Libertad 
910 |a Fondo General 
920 |a Impresos - Libros 
930 |a Colección General 
905 |a 101 
901 |a 0076170100  |b IT1  |c ACC  |i 007617  |u 20250521 
902 |a https://opac.biblio.iteso.mx/vufind/Record/000007617